000 00522nam a2200205Ia 4500
005 20230331095824.0
008 131103s9999 xx 000 0 und d
020 _cRs.25.00
040 _aLoreto College
041 _aEnglish
082 _a891.44B
_bGOE-DAS
100 _aDasgupta, Alokranjan
245 _aGoethe
_cAlokranjan Dasgupta
260 _aKolkata
_bPapyrus
_c2004
300 _a62p.
650 _aGoethe, Johann Woolfgang von
700 _aGoethe-Biography in Bengali
850 _aLCLIB
942 _cBK
999 _c36504
_d86983